南海電鉄の定期の種別 - Statistics

General Stats
  • This quiz has been taken 50 times
  • The average score is 28 of 31
Answer Stats
路線名 種別名 % Correct
南海線 ラピート
100%
南海線 普通
100%
高師浜線 普通
100%
多奈川線 普通
100%
加太線 普通
100%
和歌山港線 普通
100%
空港線 ラピート
100%
空港線 普通
100%
南海線 サザン
97%
南海線 急行
97%
高野線 急行
97%
和歌山港線 サザン
97%
和歌山港線 急行
97%
南海線 準急
94%
高野線 準急
94%
区間急行 準急
94%
高野線 こうや
91%
南海線 区間急行
88%
高野線 区間急行
88%
高野線 各停
88%
高野線(汐見橋方面) 各停
88%
高野山ケーブル 各停
88%
区間急行 区間急行
88%
区間急行 各停
88%
南海線 空港急行
82%
高野線 快速急行
82%
空港線 空港急行
82%
高野線 泉北ライナー
79%
高野線 りんかん
79%
泉北高速鉄道線 泉北ライナー
79%
高野線 天空
44%
No matching quizzes found
Score Distribution
Percent of People with Each Score
Percentile by Number Answered
Your Score History
You have not taken this quiz